NBA 23-24 Trivia - Statistics

General Stats
  • This quiz has been taken 139 times
    94 since last reset
  • The average score is 13 of 23
Answer Stats
Hint Answer % Correct
Which team drafted French star Victor Wembanyama? San Antonio Spurs
100%
How many losses did the Pistons have in a row, making it the longest losing streak in NBA history? 28
79%
Who are the 2024 NBA champions? Boston Celtics
79%
Which player faced allegations for having a relationship with a high schooler? Josh Giddey
77%
Who is Wemby's biggest rival? Chet Holmgren
74%
Who did Draymond Green choke? Rudy Gobert
74%
How long was Ja Morant's suspension? 25 games
65%
Which team was the runner up for the In-Season Tournament? Indiana Pacers
64%
Which two players held their jerseys up next to each other in a comical fashion? Gradey Dick and Anthony Black
58%
Which WNBA player did Steph Curry have a three point contest with? Sabrina Ionescu
56%
Which team won the draft lottery? The Atlanta Hawks
56%
What body part did Anthony Edwards dislocate after his monster dunk on John Collins? His finger
55%
Who went 0-10 in an elimination game (play-in)? Klay Thompson
55%
What song had been associated with LeBron James? You Are My Sunshine
50%
Who intentionally missed two free throws to give the crowd Chick Fil-A? Boban Marjanovic
49%
What movie character did Nikola Jokic dress as before a game? Gru
49%
Which player had a 50 point game, despite averaging 5.2 points a game? Malachi Flynn
48%
Which player was in his "emotional state" at a press conference? Jimmy Butler
46%
What did Joel Embiid tear? His MCL
44%
Which two players scored over 70 points in the same week? Joel Embiid and Luka Doncic
43%
Which player hit the second longest game winner in NBA history? Max Strus
40%
Who stole the game ball from Giannis Antetokounmpo? Tyrese Haliburton
39%
Who averaged the most minutes per game in the playoffs? Tyrese Maxey
10%
No matching quizzes found
Score Distribution
Percent of People with Each Score
Percentile by Number Answered
Your Score History
You have not taken this quiz since the last reset